Mapa de carreteres de la província de Barcelona
ISBN:
9788498039856
Descripción Física:
1 full plegat de gran format 17 x 11 cm
Materias:
Barcelona (Província) -- Mapes de carreteres
; Mapes de carreteres -- Barcelona (Província)
Idioma:
Catalán
MARC
| LEADER | 00000nam a2200000 4500 | ||
|---|---|---|---|
| 001 | 25179 | ||
| 003 | Arxiu | ||
| 008 | 220301b spa||||| |||| 00| 0 cat d | ||
| 017 | |a B 12709-2021 | ||
| 020 | |a 9788498039856 | ||
| 245 | |a Mapa de carreteres de la província de Barcelona | ||
| 250 | |a Setembre 2021 | ||
| 260 | |a Barcelona : |b Diputació de Barcelona ; |c 2021 | ||
| 300 | |a 1 full plegat de gran format |c 17 x 11 cm | ||
| 500 | |a Escala 1 : 200.000 | ||
| 650 | 0 | |9 43863 |a Barcelona (Província) |x Mapes de carreteres | |
| 650 | 0 | |9 43864 |a Mapes de carreteres |x Barcelona (Província) | |
| 710 | 1 | |a Barcelona (Catalunya : Província). |b Gerència de Serveis d'Infraestructures Viàries i Mobilitat |9 52490 | |
| 942 | |2 udc |n 1 |c ARXIU | ||
| 952 | |0 0 |1 0 |2 udc |4 0 |6 FU67122 |7 1 |9 61029 |a Arxiu |b Arxiu |d 2022-03-01 |o FU-67-122 |p 25179 |r 2022-03-01 00:00:00 |w 2022-03-01 |y ARXIU | ||
| 999 | |c 81153 |d 81153 | ||